Catálogo

Resumen histórico de la Revolución de los Estados Unidos Mejicanos / (Registro nro. 54950)

Detalles MARC
000 -LEADER
fixed length control field 01114cam a2200313 i 4500
001 - CONTROL NUMBER
control field 54950
003 - CONTROL NUMBER IDENTIFIER
control field Mx-PuUPA
005 - DATE AND TIME OF LATEST TRANSACTION
control field 20260227090755.0
008 - FIXED-LENGTH DATA ELEMENTS--GENERAL INFORMATION
fixed length control field 140415s1983 mx gr 000 0 spa d
020 ## - INTERNATIONAL STANDARD BOOK NUMBER
International Standard Book Number 9684700563
040 ## - CATALOGING SOURCE
Original cataloging agency Mx-PuUPA
Language of cataloging spa
Transcribing agency Mx-PuUPA
Modifying agency Mx-PuUPA
Description conventions rda
041 0# - LANGUAGE CODE
Language code of text/sound track or separate title spa
043 ## - GEOGRAPHIC AREA CODE
Geographic area code n-mx---
100 1# - MAIN ENTRY--PERSONAL NAME
Personal name Bustamante, Carlos María de,
Dates associated with a name 1774-1848
9 (RLIN) 16973
Relator term autor
245 10 - TITLE STATEMENT
Title Resumen histórico de la Revolución de los Estados Unidos Mejicanos /
Statement of responsibility, etc. Pablo de Mendíbil
250 ## - EDITION STATEMENT
Edition statement Edición fascimilar
264 #4 - PRODUCTION, PUBLICATION, DISTRIBUTION, MANUFACTURE, AND COPYRIGHT NOTICE
Place of production, publication, distribution, manufacture México, D.F. :
Name of producer, publisher, distributor, manufacturer Miguel Ángel Porrúa,
Date of production, publication, distribution, manufacture, or copyright notice ©1983
300 ## - PHYSICAL DESCRIPTION
Extent 423 páginas ;
Dimensions 24 cm
336 ## - CONTENT TYPE
Fuente rdacontent
Content type term texto
Content type code txt
337 ## - MEDIA TYPE
Source rdamedia
Media type term sin medio
Media type code n
338 ## - CARRIER TYPE
Source rdacarrier
Carrier type term volumen
Carrier type code nc
490 0# - SERIES STATEMENT
Series statement Colección Tlahuicole ;
Volume/sequential designation 8
651 #4 - SUBJECT ADDED ENTRY--GEOGRAPHIC NAME
Geographic name México
General subdivision Historia
-- Guerra de independencia
Chronological subdivision 1810-1821
651 #4 - SUBJECT ADDED ENTRY--GEOGRAPHIC NAME
Geographic name México
General subdivision Historia
Chronological subdivision Siglo XIX
700 1# - ADDED ENTRY--PERSONAL NAME
Relationship information Basada en:
Personal name Bustamante, Carlos María,
Dates associated with a name Londres : R. Ackermann, 1828
Title of a work Cuadro histórico
942 ## - ADDED ENTRY ELEMENTS (KOHA)
Source of classification or shelving scheme Dewey Decimal Classification
Koha item type Libro
Classification part 972.03
Item part M78
Existencias
Withdrawn status Lost status Source of classification or shelving scheme Damaged status Not for loan Collection code Home library Current library Shelving location Date acquired Source of acquisition Total Checkouts Full call number Barcode Date last seen Date last checked out Price effective from Koha item type
    Dewey Decimal Classification     General Biblioteca Karol Wojtyla Biblioteca Karol Wojtyla Sala general 03/12/2013 Compra   972.032 M78 1983 82477 03/03/2026 13/12/2017 03/12/2013 Libro
    Dewey Decimal Classification     General Centro de Estudios Guadalupanos Centro de Estudios Guadalupanos Sala general 03/12/2013 Compra   972.03 M78 1983 48056     03/12/2013 Libro